000 00614nam a2200169Ia 4500
008 090124s9999 xx 000 0 und d
020 _a+
082 _b25871
245 _a महारांचा सांस्कृतिक इतिहास
250 _a1
260 _bअभिजित प्रकाशन
_c1987
300 _a116
630 _a महारांचा सांस्कृतिक इतिहास
700 _aपानतावणे डॉ. गंगाधर
730 _a महारांचा सांस्कृतिक इतिहास
942 _cBOOK
999 _c95716
_d95716